<?xml version="1.0" encoding="UTF-8"?>
<record
    xmlns:xsi="http://www.w3.org/2001/XMLSchema-instance"
    xsi:schemaLocation="http://www.loc.gov/MARC21/slim http://www.loc.gov/standards/marcxml/schema/MARC21slim.xsd"
    xmlns="http://www.loc.gov/MARC21/slim">

  <leader>01559namaa22003251i 4500</leader>
  <controlfield tag="005">20260405112658.0</controlfield>
  <controlfield tag="008">260405s1995    ua a|||frm||| 000 0 eng d</controlfield>
  <datafield tag="040" ind1=" " ind2=" ">
    <subfield code="a">EG-GICUC</subfield>
    <subfield code="b">eng</subfield>
    <subfield code="c">EG-GICUC</subfield>
    <subfield code="d">EG-GICUC</subfield>
    <subfield code="e">rda</subfield>
  </datafield>
  <datafield tag="041" ind1="0" ind2=" ">
    <subfield code="a">eng</subfield>
    <subfield code="b">eng</subfield>
    <subfield code="b">ara</subfield>
  </datafield>
  <datafield tag="049" ind1=" " ind2=" ">
    <subfield code="a">Deposit</subfield>
  </datafield>
  <datafield tag="097" ind1=" " ind2=" ">
    <subfield code="a">Ph.D</subfield>
  </datafield>
  <datafield tag="099" ind1=" " ind2=" ">
    <subfield code="a">Cai01.12.01.Ph.D.1995.Ad.C.</subfield>
  </datafield>
  <datafield tag="100" ind1="0" ind2=" ">
    <subfield code="a">Adel Shehata Soliman, </subfield>
    <subfield code="e">preparation.</subfield>
  </datafield>
  <datafield tag="245" ind1="1" ind2="0">
    <subfield code="a">The Construction Of A Jupiter - Saturn Canonical Planetary Theory Through Hori-Lie Technique And In Terms Of Poincare Canonical Variables / </subfield>
    <subfield code="c">By Adel Shehata Soliman; Supervisor Prof.Dr. Osman M. Kamel, Prof.Dr. Zein EL-Abidin Metwalli, Prof.Dr. Sawsan S. Abdel Zaher.</subfield>
  </datafield>
  <datafield tag="246" ind1="1" ind2="5">
    <subfield code="a">&#x625;&#x646;&#x634;&#x627;&#x621; &#x646;&#x638;&#x631;&#x64A;&#x629; &#x643;&#x648;&#x643;&#x628;&#x64A;&#x629; &#x642;&#x627;&#x646;&#x648;&#x646;&#x64A;&#x629; &#x644;&#x644;&#x645;&#x634;&#x62A;&#x631;&#x649; &#x648;&#x632;&#x62D;&#x644; &#x62E;&#x644;&#x627;&#x644; &#x62A;&#x642;&#x646;&#x64A;&#x629; &#x647;&#x648;&#x631;&#x64A;-&#x644;&#x64A; &#x648;&#x628;&#x62C;&#x644;&#x627;&#x644;&#x629; &#x645;&#x62A;&#x63A;&#x64A;&#x631;&#x627;&#x62A; &#x628;&#x648;&#x627;&#x646;&#x643;&#x627;&#x631;&#x64A;&#x647; &#x627;&#x644;&#x642;&#x627;&#x646;&#x648;&#x646;&#x64A;&#x629; /</subfield>
  </datafield>
  <datafield tag="264" ind1=" " ind2="0">
    <subfield code="c">1995.</subfield>
  </datafield>
  <datafield tag="300" ind1=" " ind2=" ">
    <subfield code="a">688 pages : </subfield>
    <subfield code="b">illustrations ;</subfield>
    <subfield code="c">30 cm. + </subfield>
  </datafield>
  <datafield tag="336" ind1=" " ind2=" ">
    <subfield code="2">rda content</subfield>
    <subfield code="a">text</subfield>
  </datafield>
  <datafield tag="337" ind1=" " ind2=" ">
    <subfield code="2">rdamedia</subfield>
    <subfield code="a">Unmediated</subfield>
  </datafield>
  <datafield tag="338" ind1=" " ind2=" ">
    <subfield code="2">rdacarrier</subfield>
    <subfield code="a">volume</subfield>
  </datafield>
  <datafield tag="502" ind1=" " ind2=" ">
    <subfield code="a">Thesis (Ph.D)-Cairo University, 1995.</subfield>
  </datafield>
  <datafield tag="504" ind1=" " ind2=" ">
    <subfield code="a">Bibliography: pages 684-688.</subfield>
  </datafield>
  <datafield tag="653" ind1=" " ind2="0">
    <subfield code="a">Meteorology </subfield>
  </datafield>
  <datafield tag="700" ind1="0" ind2=" ">
    <subfield code="a">Osman M. Kamel </subfield>
    <subfield code="e">thesis advisor.</subfield>
  </datafield>
  <datafield tag="700" ind1="0" ind2=" ">
    <subfield code="a">Zein EL-Abidin Metwalli</subfield>
    <subfield code="e">thesis advisor.</subfield>
  </datafield>
  <datafield tag="700" ind1="0" ind2=" ">
    <subfield code="a">Sawsan S. Abdel Zaher</subfield>
    <subfield code="e">thesis advisor.</subfield>
  </datafield>
  <datafield tag="900" ind1=" " ind2=" ">
    <subfield code="D">Department of Theoretical Physics </subfield>
    <subfield code="F">Faculty of National Research Center</subfield>
    <subfield code="U">Cairo University</subfield>
    <subfield code="b">1995</subfield>
    <subfield code="c">Osman M. Kamel </subfield>
    <subfield code="c">Zein EL-Abidin Metwalli</subfield>
    <subfield code="c">Sawsan S. Abdel Zaher</subfield>
  </datafield>
  <datafield tag="905" ind1=" " ind2=" ">
    <subfield code="a">Eman El gebaly </subfield>
  </datafield>
  <datafield tag="942" ind1=" " ind2=" ">
    <subfield code="2">ddc</subfield>
    <subfield code="c">TH</subfield>
    <subfield code="e">21</subfield>
    <subfield code="n">0</subfield>
  </datafield>
  <datafield tag="999" ind1=" " ind2=" ">
    <subfield code="c">179181</subfield>
  </datafield>
  <datafield tag="952" ind1=" " ind2=" ">
    <subfield code="2">ddc</subfield>
    <subfield code="9">316042</subfield>
    <subfield code="a">CUCL</subfield>
    <subfield code="b">100</subfield>
    <subfield code="d">2026-04-05</subfield>
    <subfield code="i">26678</subfield>
    <subfield code="o">Cai01.12.01.Ph.D.1995.Ad.C.</subfield>
    <subfield code="p">01010110026678000</subfield>
    <subfield code="r">2026-04-05 11:27:59</subfield>
    <subfield code="w">2026-04-05</subfield>
    <subfield code="y">TH</subfield>
  </datafield>
</record>
